Abkürzungen [1] - Kurzworte - Statistiken

Allgemein
  • Dieses Quiz wurde 224 mal gespielt
  • Das Durchschnittsergebnis liegt bei 37 aus 59
Antwortstatistiken
Kurzwort vollständiges Wort % Korrekt
das Alu - das Aluminium
97%
die Deko - die Dekoration
95%
der Ami - der Amerikaner
93%
der Dino - der Dinosaurier
92%
die Doku - die Dokumentation
92%
die Info - die Information
92%
die Demo - die Demonstration
91%
der Heli - der Helikopter
91%
die Kombi - die Kombination
89%
der Infekt - die Infektion
88%
die Lok - die Lokomotive
88%
der Pulli - der Pullover
88%
die Schoko - die Schokolade
88%
das Deo - das Deodorant
87%
die Chemo - die Chemotherapie
86%
die Limo (1) - die Limonade
86%
das Abo - das Abonnement
85%
das Auto - das Automobil
85%
der Prof - der Professor
85%
der Touri - der Tourist
85%
die Uni - die Universität
85%
die Mayo - die Mayonnaise
84%
das Mikro - das Mikrofon
84%
das Navi - das Navigationssystem
82%
der Promi - der Prominente
82%
- Malle - Mallorca
81%
der Sani - der Sanitäter
81%
das Foto - die Fotografie
80%
der Frust - die Frustration
79%
der Perso - der Personalausweis
79%
das Cabrio - das Cabriolet
76%
der Tacho - der Tachometer
75%
das Koks - das Kokain
68%
der Nazi - der Nationalsozialist
66%
die Reha - die Rehabilitation
66%
das Labor - das Laboratorium
64%
die Limo (2) - die Limousine
63%
der Akku - der Akkumulator
62%
das Klo - das Klosett
57%
der Assi (1) - der Assisten
56%
der Bus - der Autobus
52%
der Profi - der Professionist
49%
der Assi (2) - der Asoziale
47%
der Kat - der Katalysator
46%
der Chauvi - der Chauvinist
40%
der Zoo - der Zoologische Garten
38%
die Mikro - die Mikrowelle
33%
der Zivi - der Zivildienstleistende
33%
das Muli - das Maultier
25%
das Memo - das Memorandum
21%
der Dispo - der Dispositionskredit
20%
das Rheuma - der Rheumatismus
16%
das Piano - das Pianoforte
15%
der Po - der Podex
11%
der Kombi - der Kombinationskraftwagen
9%
das Fax - das (Tele-) Faksimile
8%
das Dia - das Diapositiv
7%
das Kino - der Kinematograph
7%
der Kuli - der Tintenkuli
1%
Keine übereinstimmenden Quizze gefunden
Verteilung der Resultate
Anzahl Personen mit jedem Resultat
Perzentil nach korrekt beantworteten Fragen
Ihre Resultats-Entwicklung
Sie haben dieses Quiz noch nicht gespielt